Maulana Hafiz Muhammad Shafi Okarvi = مولانا حافظ محمد شفیع اوکاڑوی : (Record no. 103994)
[ view plain ]
| 000 -LEADER | |
|---|---|
| fixed length control field | 00595nam a22001577a 4500 |
| 005 - DATE AND TIME OF LATEST TRANSACTION | |
| control field | 20260602102105.0 |
| 008 - FIXED-LENGTH DATA ELEMENTS--GENERAL INFORMATION | |
| fixed length control field | 180324b xxu||||| |||| 00| 0 eng d |
| 040 ## - CATALOGING SOURCE | |
| Transcribing agency | PK-LaUMT |
| 082 ## - DEWEY DECIMAL CLASSIFICATION NUMBER | |
| Classification number | 279.61092 |
| Item number | AQE-M |
| 100 ## - MAIN ENTRY--PERSONAL NAME | |
| Personal name | Aqeel Ahmad = عقیل احمد |
| 245 ## - TITLE STATEMENT | |
| Title | Maulana Hafiz Muhammad Shafi Okarvi = مولانا حافظ محمد شفیع اوکاڑوی : |
| Remainder of title | حیات و خدمات / |
| Statement of responsibility, etc | Aqeel Ahmad = عقیل احمد |
| 260 ## - PUBLICATION, DISTRIBUTION, ETC. (IMPRINT) | |
| Place of publication, distribution, etc | Lahore : |
| Name of publisher, distributor, etc | Progressive Books, |
| Date of publication, distribution, etc | 2017 |
| 300 ## - PHYSICAL DESCRIPTION | |
| Extent | 607 p. |
| 650 ## - SUBJECT ADDED ENTRY--TOPICAL TERM | |
| Topical term or geographic name as entry element | مولانا حافظ محمد شفیع اوکاڑوی |
| 942 ## - ADDED ENTRY ELEMENTS (KOHA) | |
| Koha item type | Books |
| Withdrawn status | Lost status | Damaged status | Home library | Current library | Date acquired | Full call number | Barcode | Date last seen | Price effective from | Koha item type |
|---|---|---|---|---|---|---|---|---|---|---|
| UMT Main Campus | UMT Main Campus | 2018-03-24 | 279.61092 AQE-M | 120334 | 2018-03-24 | 2018-03-24 | Books |
